Greece Multiple Choice - Statistics

General Stats
  • This quiz has been taken 385 times
    372 since last reset
  • The average score is 8 of 15
Answer Stats
Question Answer % Correct
Which is considered the national cheese? Feta
100%
Athens is the capital and the largest city. But which is the second largest, often referred to as the "co-capital"? Thessalonica
100%
What is the religion of the majority of the greek population? Orthodox Christianity
92%
Which is widely recognised as the national drink of Greece? Ouzo
85%
Which island is one of the most photographed places on earth? Santorini
85%
Which of these has Greece's national team managed to win? The UEFA Euro (Football)
69%
Which of the following is true? All of the above
62%
What is the official national motto of Greece? Freedom or Death
54%
What is the term for the thousands of young Greeks leaving the country in recent years? The Brain Drain
46%
What is the median age of Greeks currently? ~44 years
38%
Which of these celebrities does NOT have greek ancestry? Jessica Alba
31%
What percentage of the greek population died in World War II? 11%
23%
What is the highest estimate of English words derived from Greek? 15%
23%
In which of the following does Greece often rank first? Number of merchant ships
23%
How many tourists visited Greece in 2018? 33 Million
15%
No matching quizzes found
Score Distribution
Percent of People with Each Score
Percentile by Number Answered
Your Score History
You have not taken this quiz since the last reset